| 000 | 00740nam a2200265Ia 4500 | ||
|---|---|---|---|
| 008 | 160803s9999 xx 000 0 und d | ||
| 020 | _a9780531233542 (paperback) | ||
| 100 | _aFranchino, Vicky | ||
| 245 | _aArctic foxes / | ||
| 245 | _cby Vicky Franchino. | ||
| 260 | _aNew York : | ||
| 260 | _bScholastic Inc. | ||
| 260 | _c2014 | ||
| 300 | _a48 pages : | ||
| 300 | _bcolor illustrations, color map ; | ||
| 300 | _c22 cm. | ||
| 440 | _aNature's children ; | ||
| 440 | _v[v. 2] | ||
| 500 | _aIncludes bibliographical references (page 46) and index. | ||
| 650 | _aArctic fox -- | ||
| 650 | _aArctic fox -- Conservation -- | ||
| 650 | _xJuvenile literature. | ||
| 650 | _xJuvenile literature. | ||
| 700 | _a1020 | ||
| 999 |
_c299727 _d299727 |
||